Por el rescate de la democracia en Panamá /
Uloženo v:
| Hlavní autor: | |
|---|---|
| Médium: | Text |
| Tagy: |
Přidat tag
Žádné tagy, Buďte první, kdo vytvoří štítek k tomuto záznamu!
|
MARC
| LEADER | 00000 a a2200000 04500 | ||
|---|---|---|---|
| 001 | 47823 | ||
| 003 | |||
| 040 | |||
| 100 | |a Arias Calderón, Ricardo | ||
| 245 | |a Por el rescate de la democracia en Panamá / |c Ricardo Arias Calderón | ||
| 773 | |g número13, (enero-marzo, 1989), páginas30-34 | ||
| 999 | |c 21528 |d 21528 | ||
